NAUTILUS - Pomáhame sprístupniť informácie už raz nájdené

Bibliographic Details
Main Authors: Vaško, Martin (Author), Andrejčíková, Nadežda, 1966- (Author)
Format: Article
Language:Slovak
PhysicalDescription:Tabuľky
ISSN:1335-793X
Subjects:

MARC

LEADER 00000nab a2200000 4500
001 vtls011743682
003 SK-MaSNL
005 20260303082340.0
008 180227|2018 xo |||| ||a ||00 0|slo
015 |a SNBRB2018/02 
040 |e rda 
041 |a slo 
044 |a xo  |c SK 
072 7 |a 005  |x Manažment. Riadenie  |2 konspekt 
080 |a 005.922.52:004.912  |2 2011 
080 |a 070.432  |2 2011 
100 1 |a Vaško, Martin  |4 aut  |9 678982 
245 1 0 |a NAUTILUS - Pomáhame sprístupniť informácie už raz nájdené  |c Martin Vaško, Nadežda Andrejčíková 
300 |b Tabuľky 
336 |a text  |b txt  |2 rdacontent 
337 |a bez média  |b n  |2 rdamedia 
338 |a zväzok  |b nc  |2 rdacarrier 
546 |a Slovenské resumé 
650 0 7 |a digitalizácia knižničných fondov  |2 snkbucl  |9 183889 
650 0 7 |a články  |2 snkbucl  |9 26528 
700 1 |a Andrejčíková, Nadežda,  |d 1966-  |4 aut  |9 23466 
773 0 |t IT lib : informačné technológie a knižnice  |g Roč. 21, č. 4 (2017), s. 52-55  |x 1335-793X 
999 |c 1787633  |d 1789563